02443cam a22003855i 4500999001700000001000900017003000900026005001700035008004100052020001600093020001800109040005300127082002200180100003700202245017000239250002200409264004900431300004500480336002600525337002800551338002700579504005100606520030400657650003700961651001000998653003101008942001201039952013201051952014401183952014801327952014401475952014701619952014701766952014401913 c13545d1354514584928EG-ScBUE20200109133004.0061005r20082006ii a f b 001 0 eng d a0195682912  a9780195682915 aEG-ScBUEbengerdacEG-ScBUEdEG-ScBUEdEG-ScBUE04a808.0666bMIT2221 aMitra, Barun K.,eauthor.91205110aEffective technical communication :ba guide for scientists and engineers /cBarun K. Mitra, formerly professor of English, Indian Institute of Technology Kharagpur. aSixth impression. 1aNew Delhi :bOxford University Press,c2008. avii, 224 pages :billustrations ;c24 cm atextbtxt2rdacontent aunmediatedbn2rdamedia avolumebnc2rdacarrier aIncludes bibliographical references and index. aEffective Technical Communication is designed to serve as a practical guide and useful resource for scientists, engineers, and researchers. It addresses the need of practitioners engaged in the exchange of techincal information to effectively share their ideas with, and make impact on, their peers. 7aTechnical writing.9120522BUEsh 72BUEsh bHHUUEENNbENGGENcJuly2019 2ddccBB 00102ddc40708BaccahaMAINbMAINc2NDd2010-03-01epurchasel0o808.0666 MITp000020017r2025-07-15 00:00:00w2010-03-01yNB 00102ddc40708BaccahaMAINbMAINc2NDd2010-03-01epurchasel1o808.0666 MITp000020016r2025-07-15 00:00:00s2013-06-11w2010-03-01yBB 00102ddc40708BaccahaMAINbMAINc2NDd2010-04-13epurchasel2m10o808.0666 MITp000020600r2025-07-15 00:00:00s2017-11-27w2010-04-13yBB 00102ddc40708BaccahaMAINbMAINc2NDd2010-04-13epurchasel1o808.0666 MITp000020601r2025-07-15 00:00:00s2013-06-11w2010-04-13yBB 00102ddc40708BaccahaMAINbMAINc2NDd2010-04-13epurchasel1m7o808.0666 MITp000020602r2025-07-15 00:00:00s2018-11-25w2010-04-13yBB 00102ddc40708BaccahaMAINbMAINc2NDd2010-04-13epurchasel4m1o808.0666 MITp000020603r2025-07-15 00:00:00s2015-03-28w2010-04-13yBB 00102ddc40708BaccahaMAINbMAINc2NDd2010-04-13epurchasel1o808.0666 MITp000020607r2025-07-15 00:00:00s2013-06-11w2010-04-13yBB